书目信息

书名: 农家粮食保管技术 
作者: 四川省粮油储运公司 编著
出版信息: 成都   四川科学技术出版社  1985.06
开本页数: 19cm  104页
丛书名:
单 册:
中图分类: S
科图分类:
主题词: 粮油贮藏 , 农业科学
电子资源:
ISBN:
000 00654nam0 2200229 45
001 0000133740
005 20060325155222.92
010    @dCNY0.60
100    @a19951114d1985 em y0chiy0121 ea
101 @achi
102    @aCN@b510000
105    @ay z 000yy
200 10 @a农家粮食保管技术@Anong jia liang shi bao guan ji shu@f四川省粮油储运公司编著
210    @a成都@c四川科学技术出版社@d1985.06
215    @a104页@d19cm
606    @a粮油贮藏
606 @a农业科学
690    @aS@v3
711 02 @a四川省粮油储运公司@4编著@Asi chuan sheng liang you chu yun gong si
801  2 @aCN@bNLC@c20060325
801  0 @aCN@b深圳图书馆
905    @a10447@dS@e2723
    
    农家粮食保管技术/四川省粮油储运公司编著.-成都:四川科学技术出版社,1985.06
    104页;19cm
    
    
    ISBN :CNY0.60
    
相关链接 在五车中查询图书 在当当中查询图书 在豆瓣中查询图书


正题名:农家粮食保管技术     索取号:S/2723         预约/预借

序号 登录号 条形码 馆藏地/架位号 状态 备注
1 133241   201332414   海科密-1楼/52架8列3层/ [索取号:S/2723] 在馆    
2 133242   201332423   海科密-1楼/52架8列5层/ [索取号:S/2723] 在馆    
3 133243   201332432   海科密-1楼/52架8列3层/ [索取号:S/2723] 在馆    
4 133244   201332441   海科密-1楼/52架8列3层/ [索取号:S/2723] 在馆    
5 133245   201332450   海科密-1楼/52架8列5层/ [索取号:S/2723] 在馆